000 00248nam a2200109Ia 4500
008 210430s9999 xx 000 0 und d
082 _a951.9 K841A
245 2 _aA Handbook Of Korea
260 _aKorea
_c1978
300 _a825p.
942 _cBK
_2ddc
999 _c565582
_d565582